00551nam a2200193Ia 450000500170000000800410001702000150005808200130007310000200008624500410010626000300014730000170017765000140019465000130020865000200022194200060024195200950024799900150034220240719045207.0240331s9999 xx 000 0 und d a0415912024 bBAIa291 aBainbridge, W.S 4aThe sociology of religious movements aNew YorkbRoutledgec1997 avi, 474 p ., aSociology aReligion aSocio- Cultural cL 001040708LaWERCLbWERCLcSSCd2024-03-31l0o 291 BAIp2802r2024-03-31w2024-03-31yL c1376d1376